000 00304nam a2200121Ia 4500
008 190216s9999||||xx |||||||||||||| ||und||
100 _aBhattathiri Chennamangalam
245 0 _aJathakam Ganithavum Falapravachanavum
260 _bDc Books Kottayam
300 _a64
650 _aMalayalam
942 _cREF
999 _c36575
_d36575